[Event "Cambridge Int Open 2023"]
[Site "Cambridge ENG"]
[Date "2023.02.17"]
[Round "6.25"]
[White "OShea, Colm"]
[Black "Krivenko, Dion"]
[Result "1/2-1/2"]
[WhiteElo "1677"]
[BlackElo "2155"]
[WhiteFideId "449660"]
[BlackFideId "4508378"]
[EventDate "2023.02.15"]

1. e4 d6 2. d4 Nf6 3. Nc3 g6 4. Be3 c6 5. h3 Nbd7 6. Qd2 b5 7. a3 Bg7 8. Bh6 O-O
9. Bxg7 Kxg7 10. f4 Nb6 11. e5 Nfd5 12. Nf3 Nxc3 13. bxc3 dxe5 14. fxe5 Bf5 15.
Bd3 Bxd3 16. cxd3 Rc8 17. O-O c5 18. dxc5 Rxc5 19. d4 Rc6 20. Ng5 f6 21. exf6+
exf6 22. Ne4 Re8 23. Nf2 Nc4 24. Qc1 Qd5 25. Nd3 Qe4 26. Nc5 Qe3+ 27. Qxe3 Rxe3
28. Rfe1 Rxc3 29. Re7+ Kh6 30. Rxa7 Ne3 31. Re1 f5 32. Kf2 f4 33. Re2 Rc1 34.
Kf3 Nf5 35. Rd2 Nxd4+ 36. Rxd4 R6xc5 37. Kxf4 R5c3 38. Rdd7 Rf1+ 39. Kg4 Rc4+
40. Kg3 Rc3+ 41. Kg4 Rc4+ 1/2-1/2

[Event "Cambridge Int Open 2023"]
[Site "Cambridge ENG"]
[Date "2023.02.17"]
[Round "6.26"]
[White "Pousada Garcia, Daniel"]
[Black "Norris, Anthony"]
[Result "1/2-1/2"]
[WhiteElo "2077"]
[BlackElo "1917"]
[WhiteFideId "2278642"]
[BlackFideId "2077779"]
[EventDate "2023.02.15"]

1. e4 c5 2. Nf3 g6 3. d4 cxd4 4. Nxd4 Nc6 5. c4 Nf6 6. Nc3 d6 7. Be2 Nxd4 8.
Qxd4 Bg7 9. O-O O-O 10. Qd3 a5 11. h3 a4 12. Be3 Bd7 13. Rac1 Bc6 14. Rfd1 Qa5
15. Rc2 Nd7 16. Nd5 Bxd5 17. Qxd5 Qxd5 18. cxd5 Nc5 19. Bxc5 dxc5 20. Rxc5 Bxb2
21. Rb5 Ba3 22. Rxb7 Bd6 23. Bb5 a3 24. Bc6 Rab8 25. Rdb1 f5 26. Rxb8 Rxb8 27.
Rxb8+ Bxb8 28. exf5 gxf5 29. Bd7 f4 30. Kf1 Kf7 31. Ke2 Kf6 32. Kf3 Kg5 33. g3
fxg3 34. fxg3 Kf6 35. Kg4 Bd6 36. Be8 Kg7 37. Kh4 Bc5 38. Kh5 Bd6 39. g4 Bc5 40.
Bd7 h6 41. Bf5 Be3 42. Bd3 Kf6 43. Bc4 Bd2 44. Bb3 Be3 45. Bc4 1/2-1/2

[Event "Cambridge Int Open 2023"]
[Site "Cambridge ENG"]
[Date "2023.02.17"]
[Round "6.27"]
[White "Nawalaniec, Adam"]
[Black "Bryant, Harry"]
[Result "1-0"]
[WhiteElo "1753"]
[BlackElo "1686"]
[WhiteFideId "21023786"]
[BlackFideId "489158"]
[EventDate "2023.02.15"]

1. e4 c5 2. Nf3 e6 3. Nc3 Nc6 4. Bb5 Nd4 5. a4 a6 6. Bc4 Nc6 7. O-O d6 8. d4
cxd4 9. Nxd4 Nf6 10. Be3 Be7 11. f4 d5 12. exd5 exd5 13. Be2 O-O 14. Bf3 Be6 15.
Kh1 Qa5 16. f5 Nxd4 17. Bxd4 Bxf5 18. Bxd5 Nxd5 19. Rxf5 Nxc3 20. Qg4 1-0

[Event "Cambridge Int Open 2023"]
[Site "Cambridge ENG"]
[Date "2023.02.17"]
[Round "6.30"]
[White "Soulier, Alfred"]
[Black "Hutchinson, Norman A"]
[Result "0-1"]
[WhiteElo "1722"]
[BlackElo "1974"]
[WhiteFideId "486264"]
[BlackFideId "411540"]
[EventDate "2023.02.15"]

1. d4 Nf6 2. Nc3 c6 3. e4 d5 4. e5 Nfd7 5. f4 e6 6. Nf3 c5 7. Be3 Nc6 8. Qd2 a6
9. a4 cxd4 10. Nxd4 Bc5 11. Nxc6 bxc6 12. Ne2 Rb8 13. b3 Bb4 14. c3 Be7 15. b4
c5 16. bxc5 Nxc5 17. Bxc5 Bxc5 18. Nd4 Qc7 19. Bd3 O-O 20. O-O Qa7 21. Kh1 Bd7
22. a5 g6 23. Be2 Rb7 24. Rfb1 Rfb8 25. Rxb7 Rxb7 26. Qd3 Bxd4 27. Qxd4 Bb5 28.
Qxa7 Rxa7 29. Bxb5 axb5 30. a6 Kf8 31. Ra5 Ke7 32. Rxb5 Rxa6 33. g3 Ra2 34. Rb7+
Kf8 35. Rb8+ Kg7 36. Kg1 Rc2 37. Rb3 Rd2 38. Rb8 Ra2 39. Kh1 h6 40. h4 Rc2 41.
Rb3 Rd2 42. c4 dxc4 43. Rc3 Rd3 44. Rxc4 Rxg3 45. Kh2 Rg4 46. Kh3 h5 47. Rb4 Rg1
48. Kh2 Rd1 49. Kg3 Rd3+ 50. Kg2 Rd7 51. Kg3 f6 52. Re4 Rd3+ 53. Kg2 Kf7 54. Ra4
fxe5 55. fxe5 Re3 56. Ra5 Re4 57. Kg3 Kg7 58. Rb5 Kh6 59. Ra5 g5 60. hxg5+ Kxg5
61. Ra8 Kf5 62. Rh8 h4+ 63. Kf3 Kxe5 64. Rh5+ Kd4 65. Ra5 Re3+ 66. Kf2 Rc3 67.
Ra8 h3 68. Ra4+ Ke5 69. Kg1 Kf5 70. Kh2 e5 71. Ra5 Kf4 72. Ra8 Rf3 73. Ra4+ e4
74. Rb4 Ke3 75. Ra4 Kd3 76. Ra3+ Kd2 77. Ra2+ Kc1 78. Ra1+ Kb2 79. Ra8 e3 80.
Rb8+ Kc2 81. Rc8+ Kd2 82. Rd8+ Ke1 83. Kg1 e2 84. Rh8 Rg3+ 85. Kh2 Kf2 86. Re8
Rf3 87. Rxe2+ Kxe2 88. Kg1 Ke3 89. Kh2 Kf4 90. Kh1 Kg3 91. Kg1 h2+ 92. Kh1 Rf1# 0-1

[Event "Cambridge Int Open 2023"]
[Site "Cambridge ENG"]
[Date "2023.02.17"]
[Round "6.31"]
[White "Golsta, Ramona"]
[Black "Gardiner, Eric D"]
[Result "1-0"]
[WhiteElo "1777"]
[BlackElo "1883"]
[WhiteFideId "11607394"]
[BlackFideId "435880"]
[EventDate "2023.02.15"]

1. d4 d5 2. c4 e6 3. Nc3 Nf6 4. cxd5 exd5 5. Bg5 c6 6. e3 h6 7. Bh4 Be7 8. Bd3
O-O 9. Qc2 Re8 10. Nge2 Nbd7 11. f3 b5 12. O-O a5 13. e4 dxe4 14. fxe4 Ng4 15.
Bxe7 Qxe7 16. Rf3 b4 17. Na4 Ba6 18. Bxa6 Rxa6 19. e5 Raa8 20. Ng3 Qg5 21. Qb3
Ndxe5 22. dxe5 Nxe5 23. Rf5 Qe7 24. Raf1 Qa7+ 25. Kh1 Rad8 26. Nh5 Kh8 27. Qg3
f6 28. h3 Rg8 29. Qh4 Ng6 30. Qe4 Ne7 31. R5f3 Rd5 32. Nxf6 gxf6 33. Rxf6 Rdg5
34. Rxh6+ Kg7 35. Qh7# 1-0

[Event "Cambridge Int Open 2023"]
[Site "Cambridge ENG"]
[Date "2023.02.17"]
[Round "6.32"]
[White "Murawski, Jan"]
[Black "Zhu, Pengxiao"]
[Result "1-0"]
[WhiteElo "1708"]
[BlackElo "1437"]
[WhiteFideId "21009287"]
[BlackFideId "499307"]
[EventDate "2023.02.15"]

1. d4 d5 2. c4 c6 3. Nf3 Nf6 4. Nc3 e6 5. Bg5 Nbd7 6. e3 Qa5 7. Nd2 Bb4 8. Qc2
O-O 9. a3 h6 10. Bf4 Bxc3 11. Qxc3 Qxc3 12. bxc3 Re8 13. Nf3 Ne4 14. Rc1 b6 15.
cxd5 exd5 16. c4 Ba6 17. cxd5 Bxf1 18. Kxf1 cxd5 19. Rc7 Ndf6 20. Ke2 Nh5 21.
Bg3 Nhxg3+ 22. hxg3 Rec8 23. Rhc1 Rxc7 24. Rxc7 f6 25. Nd2 Nd6 26. a4 Ne4 27.
Nxe4 dxe4 28. f3 exf3+ 29. gxf3 Kh7 30. e4 Kg6 31. Ke3 a5 32. Kd3 Rb8 33. Kc4
Rd8 34. g4 Rd6 35. f4 h5 36. gxh5+ Kh6 37. e5 fxe5 38. fxe5 Re6 39. Kd5 Re8 40.
e6 Kg5 41. Rxg7+ Kf6 42. Rf7+ 1-0

[Event "Cambridge Int Open 2023"]
[Site "Cambridge ENG"]
[Date "2023.02.17"]
[Round "6.33"]
[White "Catabay, Mae Katelyn Rose"]
[Black "Britnell, Jonathan"]
[Result "0-1"]
[WhiteElo "1525"]
[BlackElo "1708"]
[WhiteFideId "484768"]
[BlackFideId "445932"]
[EventDate "2023.02.15"]

1. e4 e5 2. f4 Nc6 3. Nf3 f5 4. d3 Bc5 5. Be2 d6 6. fxe5 dxe5 7. Bg5 Nf6 8. Nc3
Be6 9. exf5 Bxf5 10. Qd2 Qd7 11. Bxf6 gxf6 12. Qh6 O-O-O 13. O-O-O Rhg8 14. g3
Nd4 15. Qd2 Bb4 16. Rhe1 Nb5 17. Kb1 Be6 18. d4 Nxc3+ 0-1

[Event "Cambridge Int Open 2023"]
[Site "Cambridge ENG"]
[Date "2023.02.17"]
[Round "6.36"]
[White "Adams, George"]
[Black "Larchikov, Maksym"]
[Result "1-0"]
[WhiteElo "1494"]
[BlackElo "1901"]
[WhiteFideId "487643"]
[BlackFideId "34120815"]
[EventDate "2023.02.15"]

1. d4 d5 2. Nf3 Nf6 3. Bf4 e6 4. e3 c5 5. c3 Nc6 6. Nbd2 Bd6 7. Bg3 O-O 8. Bd3
Re8 9. Ne5 Bxe5 10. dxe5 Nd7 11. Nf3 h6 12. O-O Qc7 13. Bc2 g6 14. Nd2 c4 15. b3
Ncxe5 16. bxc4 dxc4 17. f4 Nd3 18. f5 Qc5 19. Nxc4 Qxc4 20. Bxd3 Qxc3 21. fxg6
f5 22. Bxf5 Qxe3+ 23. Bf2 Qg5 24. Bc2 Nf6 25. Qd4 Nd5 26. Rae1 Nf4 27. Bg3 e5
28. Bxf4 1-0

[Event "Cambridge Int Open 2023"]
[Site "Cambridge ENG"]
[Date "2023.02.17"]
[Round "6.37"]
[White "Swanson, George"]
[Black "Volovich, Julia"]
[Result "0-1"]
[WhiteElo "1792"]
[BlackElo "1830"]
[WhiteFideId "343413889"]
[BlackFideId "447099"]
[EventDate "2023.02.15"]

1. e4 e6 2. d4 d5 3. e5 c5 4. c3 Nc6 5. Nf3 Bd7 6. Bd3 cxd4 7. cxd4 Qb6 8. O-O
Nxd4 9. Nxd4 Qxd4 10. Nc3 Qxe5 11. Re1 Qb8 12. Nxd5 Bd6 13. Qg4 Kf8 14. Qh3 Ne7
15. Nc3 Bf4 16. Ne4 Bc6 17. Ng5 Bxc1 18. Raxc1 Qf4 19. Qh5 h6 20. Rc5 Bd5 21.
Re5 g6 22. Nh3 Qd4 23. Rcxd5 Nxd5 24. Qe2 Kg7 25. Re4 Qf6 26. g3 Rac8 27. Nf4
Nxf4 28. Rxf4 Qg5 29. Qf3 Rc7 30. h4 Qd5 31. Be4 Qd7 32. Qe3 Rd8 33. Bxg6 fxg6
34. h5 Qd1+ 35. Kh2 Qxh5+ 36. Rh4 Qg5 37. Qxe6 Rf7 0-1

[Event "Cambridge Int Open 2023"]
[Site "Cambridge ENG"]
[Date "2023.02.17"]
[Round "6.38"]
[White "Hutchinson, Paul A"]
[Black "Gardner, Phillip K"]
[Result "1-0"]
[WhiteElo "2070"]
[BlackElo "1814"]
[WhiteFideId "411558"]
[BlackFideId "413690"]
[EventDate "2023.02.15"]

1. d4 Nf6 2. Bf4 c5 3. e3 Qb6 4. Nc3 d6 5. a3 Nbd7 6. Nf3 g6 7. h3 Bg7 8. Bc4
O-O 9. O-O a6 10. Qd2 Qc7 11. Be2 b5 12. b4 cxb4 13. axb4 Bb7 14. Bd3 Nd5 15.
Nxd5 Bxd5 16. e4 Bc4 17. Rfc1 e5 18. dxe5 Nxe5 19. Nxe5 Bxe5 20. Bxe5 dxe5 21.
Qe2 Rfc8 22. Qe3 Qd6 23. Rab1 Rc6 24. Rd1 Qe7 25. Bxc4 Rxc4 26. c3 Qc7 27. Rd3
Rc8 28. Rb3 Rd8 29. Rxd8+ Qxd8 30. Ra3 Qc8 31. f3 h5 32. h4 Rc6 33. Kh2 Qe6 34.
Qd2 Rd6 35. Qf2 Qd7 36. f4 Rd2 37. Qg3 Rd3 38. Qg5 exf4 39. Qxf4 Qc8 40. Qf6
Qc7+ 41. e5 Qc8 42. Rxa6 Rxc3 43. Rd6 1-0

[Event "Cambridge Int Open 2023"]
[Site "Cambridge ENG"]
[Date "2023.02.17"]
[Round "6.39"]
[White "Catabay, Rezin C"]
[Black "Dasgupta, Avyukt"]
[Result "0-1"]
[WhiteElo "1597"]
[BlackElo "1888"]
[WhiteFideId "487686"]
[BlackFideId "480630"]
[EventDate "2023.02.15"]

1. c4 e5 2. Nc3 Nc6 3. g3 d6 4. Bg2 Be6 5. b3 g6 6. Bb2 Bg7 7. e4 Nge7 8. Nf3
Bg4 9. h3 Bxf3 10. Qxf3 Nd4 11. Qd1 Nec6 12. O-O O-O 13. d3 Ne6 14. Nd5 a5 15.
a3 Ncd4 16. Ne3 c6 17. Bxd4 Nxd4 18. Rb1 Rb8 19. Nc2 Ne6 20. b4 axb4 21. Nxb4
Qa5 22. Ra1 Nd4 23. Nc2 Nb3 24. Rb1 Nd2 25. Qe1 Ra8 26. Rxb7 Nxf1 27. Qxa5 Rxa5
28. Kxf1 Raa8 29. Rb6 Rfc8 30. Nb4 Rxa3 31. Nxc6 Ra1+ 32. Ke2 Bf8 33. f4 Rca8
34. h4 R8a2+ 35. Kf3 Ra3 36. Nb4 Rb1 37. Nd5 Rxd3+ 38. Ke2 Rxb6 39. Kxd3 Rb3+
40. Nc3 exf4 41. Kc2 Rb4 42. gxf4 Rxc4 43. Kd3 Rb4 44. Bf3 Bg7 45. Nd5 Rb3+ 46.
Ke2 Rb2+ 47. Kf1 Bd4 48. Be2 h5 49. Ne7+ Kg7 50. Nd5 Bf6 51. Nxf6 Kxf6 52. Kf2
Rb3 53. Bf3 Ke6 54. Be2 d5 55. exd5+ Kxd5 56. Bf3+ Kd4 57. Kg3 Rxf3+ 58. Kxf3 f5 0-1

[Event "Cambridge Int Open 2023"]
[Site "Cambridge ENG"]
[Date "2023.02.17"]
[Round "6.41"]
[White "Gamal, Alaa"]
[Black "Chantrell, Paul"]
[Result "1-0"]
[WhiteElo "1725"]
[BlackElo "1572"]
[WhiteFideId "469114"]
[BlackFideId "451967"]
[EventDate "2023.02.15"]

1. d4 d5 2. c4 c6 3. Nf3 Nf6 4. e3 Bf5 5. Nc3 e6 6. Qb3 Qc8 7. Nh4 Bg6 8. Nxg6
hxg6 9. Bd3 dxc4 10. Qxc4 Nbd7 11. Bd2 Nb6 12. Qb3 Be7 13. a4 Nbd5 14. e4 Nb4
15. Be2 a5 16. Rc1 Qd8 17. Be3 O-O 18. g4 Ne8 19. Rd1 Qc7 20. h4 Rd8 21. g5 Nd6
22. Rc1 Qd7 23. h5 gxh5 24. Rxh5 g6 25. Rh6 Kg7 26. Bg4 Nd3+ 27. Kd2 Nxc1 28.
Kxc1 b5 29. d5 Nc4 30. Bd4+ f6 31. Bxe6 Qd6 32. Ne2 Rh8 33. Qh3 c5 34. Rxh8 Rxh8
35. gxf6+ Bxf6 36. Bxf6+ Kxf6 37. Qxh8+ Ke7 38. Qg7+ Kd8 39. Qf6+ Kc7 40. Qf4
Ne5 41. Qg3 c4 42. Kc2 b4 43. Nd4 b3+ 44. Kb1 Kb7 45. Nc6 Qc5 46. Qxe5 1-0

[Event "Cambridge Int Open 2023"]
[Site "Cambridge ENG"]
[Date "2023.02.17"]
[Round "6.42"]
[White "Li, Reya"]
[Black "Blinov, Roman"]
[Result "0-1"]
[WhiteElo "1474"]
[BlackElo "1731"]
[WhiteFideId "486892"]
[BlackFideId "343104478"]
[EventDate "2023.02.15"]

1. e4 c6 2. d4 d5 3. exd5 cxd5 4. Nf3 Nf6 5. c4 e6 6. Nc3 Bb4 7. a3 Bxc3+ 8.
bxc3 O-O 9. Bd3 Qc7 10. O-O dxc4 11. Bb1 b6 12. Bg5 Nbd7 13. Qc2 Bb7 14. Ne5 Be4
15. Qd2 Bxb1 16. Nxd7 Ne4 17. Qf4 Qxd7 18. Raxb1 Nxc3 19. Rb2 f6 20. Bh4 Rad8
21. Rc2 Nd5 22. Qe4 b5 23. Re1 Rfe8 24. f3 Nb6 25. Bf2 Qd5 26. Qg4 Qf5 27. Qxf5
exf5 28. Rb1 Rd5 29. Kf1 Na4 30. Be1 Re3 31. Ra1 Rb3 32. Bf2 Kf7 33. Ke2 Rb2 34.
Kd2 Rxc2+ 35. Kxc2 Nb6 36. Kc3 a5 37. Rb1 Ke6 38. Bg3 Kd7 39. Bf2 Kc6 40. Re1
Rd7 41. Re6+ Rd6 42. Re8 Nd5+ 43. Kc2 b4 44. axb4 axb4 45. Rc8+ Kb5 46. Rc5+ Kb6
47. Rxc4 Rc6 48. Kb3 Rxc4 49. Kxc4 Kc6 50. g3 g5 51. h4 h5 52. Be1 Kd6 53. Bxb4+
Nxb4 54. Kxb4 f4 55. g4 gxh4 0-1

[Event "Cambridge Int Open 2023"]
[Site "Cambridge ENG"]
[Date "2023.02.17"]
[Round "6.43"]
[White "Pride, Stephen C"]
[Black "Bowers, Francis J"]
[Result "1/2-1/2"]
[WhiteElo "1533"]
[BlackElo "1855"]
[WhiteFideId "419680"]
[BlackFideId "438383"]
[EventDate "2023.02.15"]

1. d4 Nf6 2. Bf4 c5 3. dxc5 Nc6 4. Nc3 e5 5. Bg5 Bxc5 6. e3 h6 7. Bh4 g5 8. Bg3
d6 9. a3 a5 10. Bb5 O-O 11. h3 Bf5 12. Nge2 Ne7 13. Qd2 Qb6 14. a4 Bb4 15. O-O
Ne4 16. Qc1 Nxg3 1/2-1/2

[Event "Cambridge Int Open 2023"]
[Site "Cambridge ENG"]
[Date "2023.02.17"]
[Round "6.45"]
[White "Smart, Michael R"]
[Black "Li, Evan"]
[Result "1-0"]
[WhiteElo "1957"]
[BlackElo "1394"]
[WhiteFideId "411370"]
[BlackFideId "486884"]
[EventDate "2023.02.15"]

1. e4 c5 2. Nf3 d6 3. d4 cxd4 4. c3 dxc3 5. Nxc3 Nf6 6. e5 dxe5 7. Qxd8+ Kxd8 8.
Nxe5 Be6 9. Bf4 Nbd7 10. Nxd7 Bxd7 11. Rd1 e6 12. Bb5 Ke8 13. O-O a6 14. Bxd7+
Nxd7 15. Rfe1 g6 16. Nd5 Rc8 17. Re2 Bg7 18. Nc7+ Ke7 19. Bg5+ f6 20. Nxe6 fxg5
21. Nxg7+ Kf6 22. Re6+ Kxg7 23. Rxd7+ Kh6 24. h3 Rc1+ 25. Kh2 Rc2 26. Rxb7 Rxf2
27. Rxa6 Re8 28. Raa7 g4 29. h4 Rh8 30. Kg3 Rd2 31. a4 Rd3+ 32. Kxg4 Rd4+ 33.
Kh3 Rd3+ 34. g3 g5 35. hxg5+ Kh5 36. Rxh7+ Rxh7 37. Rxh7+ Kxg5 38. Rb7 Rd1 39.
Rb5+ 1-0

[Event "Cambridge Int Open 2023"]
[Site "Cambridge ENG"]
[Date "2023.02.17"]
[Round "6.46"]
[White "Kent, Rowan"]
[Black "Downey, Keith"]
[Result "1-0"]
[WhiteElo "1247"]
[BlackElo "1818"]
[WhiteFideId "460931"]
[BlackFideId "10700250"]
[EventDate "2023.02.15"]

1. e4 c5 2. Nf3 d6 3. d4 cxd4 4. Nxd4 Nf6 5. Nc3 a6 6. Be2 e5 7. Nb3 Be7 8. O-O
O-O 9. Be3 Be6 10. f4 exf4 11. Bxf4 Nc6 12. Nd5 Bxd5 13. exd5 Ne5 14. Qd4 Nfd7
15. Qb4 Qc7 16. c4 Rac8 17. Rac1 Nc5 18. Nxc5 dxc5 19. Qc3 Bd6 20. Qg3 Rcd8 21.
Bh5 a5 22. Rce1 Ng6 23. Bxg6 hxg6 24. Bxd6 Qxd6 25. Qxd6 Rxd6 26. Re7 b6 27. a4
f6 28. Rfe1 Rf7 29. R1e6 Rxe7 30. Rxd6 Rb7 31. Kf2 1-0

[Event "Cambridge Int Open 2023"]
[Site "Cambridge ENG"]
[Date "2023.02.17"]
[Round "6.47"]
[White "Kaushik, Madhav"]
[Black "Turner, David J"]
[Result "1/2-1/2"]
[WhiteElo "1443"]
[BlackElo "1762"]
[WhiteFideId "499986"]
[BlackFideId "419737"]
[EventDate "2023.02.15"]

1. e4 d6 2. d4 Nf6 3. Nc3 Nbd7 4. f4 c5 5. Nf3 cxd4 6. Qxd4 Nc5 7. e5 Ne6 8. Qd1
dxe5 9. Qxd8+ Nxd8 10. fxe5 Nd7 11. Bf4 Ne6 12. Bg3 a6 13. Bc4 Nb6 14. Bb3 Nc5
15. O-O Nxb3 16. cxb3 e6 17. Ne4 h6 18. Rfd1 Bd7 19. Nfd2 1/2-1/2

[Event "Cambridge Int Open 2023"]
[Site "Cambridge ENG"]
[Date "2023.02.17"]
[Round "6.49"]
[White "Rastogi, Nayan Keats"]
[Black "Hariharan, Shambavi"]
[Result "1-0"]
[WhiteElo "1421"]
[BlackElo "1491"]
[WhiteFideId "343407579"]
[BlackFideId "488160"]
[EventDate "2023.02.15"]

1. e4 c6 2. d4 d5 3. e5 c5 4. dxc5 Nc6 5. Bb5 e6 6. Be3 Ne7 7. c3 Bd7 8. Bxc6
Nxc6 9. f4 g5 10. fxg5 Nxe5 11. Nf3 Bg7 12. Nxe5 Bxe5 13. Nd2 Qc7 14. Nf3 O-O-O
15. Bd4 Bxd4 16. cxd4 Qa5+ 17. Qd2 Qxd2+ 18. Kxd2 Rhf8 19. Ne5 f6 20. gxf6 Rxf6
21. Rhf1 Rdf8 22. Rf3 Rf4 23. Rxf4 Rxf4 24. Nf3 Kc7 25. Re1 h6 26. b3 a5 27. a4
b6 28. cxb6+ Kxb6 29. Re5 Rf6 30. Re3 Be8 31. g3 Bh5 32. Ke2 Bg4 33. Kf2 Rf8 34.
Rc3 Bh3 35. Ke3 Rf5 36. Ne5 Rf1 37. g4 Bg2 38. Rc6+ Kb7 39. Rxe6 Be4 40. Rxh6
Rb1 41. Kf4 Rxb3 42. Nd7 Rf3+ 43. Ke5 Re3 44. Nc5+ Kc7 45. Nxe4 dxe4 46. Kf4 Re1
47. Re6 Rh1 48. Kxe4 Rxh2 49. Ra6 Rg2 50. Rg6 Ra2 51. Rg8 Rxa4 52. g5 Ra1 53. g6
Rg1 54. g7 Kb7 55. Kd3 a4 56. Kc3 Rg4 57. d5 Rg3+ 58. Kb2 a3+ 59. Ka2 Rg2+ 60.
Kxa3 Rg3+ 61. Kb4 Rg4+ 62. Kc5 Rg1 63. Kd6 Rg6+ 64. Ke7 Rg1 65. d6 Re1+ 66. Kf6
Rf1+ 67. Kg5 Rg1+ 68. Kf4 Rd1 69. Rb8+ Kxb8 70. g8=Q+ Kb7 71. Qb3+ 1-0

[Event "Cambridge Int Open 2023"]
[Site "Cambridge ENG"]
[Date "2023.02.17"]
[Round "6.51"]
[White "Sellen, John"]
[Black "Hertog, Alexander"]
[Result "0-1"]
[WhiteElo "1547"]
[BlackElo "1641"]
[WhiteFideId "432300"]
[BlackFideId "488453"]
[EventDate "2023.02.15"]

1. f4 d5 2. Nf3 c5 3. e3 Nc6 4. d4 Bg4 5. c3 e6 6. Bd3 Nf6 7. Nbd2 Be7 8. O-O
O-O 9. Qe1 Nd7 10. Ne5 Ndxe5 11. fxe5 Bh4 12. g3 Bg5 13. Nf3 Bh6 14. e4 Bxc1 15.
Rxc1 cxd4 16. exd5 Bxf3 17. Rxf3 Qxd5 18. Be4 Qxe5 19. Bxc6 Qxe1+ 20. Rxe1 bxc6
21. cxd4 Rfd8 22. Ref1 f6 23. Rc3 Rac8 24. Re1 Rxd4 25. Rxe6 Rd1+ 26. Kg2 Rd2+
27. Kh3 Rxb2 28. Rexc6 Rxc6 29. Rxc6 Rxa2 30. Rc8+ Kf7 0-1

[Event "Cambridge Int Open 2023"]
[Site "Cambridge ENG"]
[Date "2023.02.18"]
[Round "7.2"]
[White "Fernandez, Daniel Howard"]
[Black "Korneev, Oleg"]
[Result "1/2-1/2"]
[WhiteTitle "GM"]
[BlackTitle "GM"]
[WhiteElo "2481"]
[BlackElo "2485"]
[WhiteFideId "5801605"]
[BlackFideId "4156803"]
[EventDate "2023.02.15"]

1. b3 d5 2. Bb2 Bf5 3. f4 e6 4. Nf3 h6 5. e3 Nf6 6. h3 Ne4 7. g4 Be7 8. Bb5+ c6
9. gxf5 cxb5 10. fxe6 fxe6 11. Nd4 Bh4+ 12. Kf1 Ng3+ 13. Kg2 Qf6 14. Rg1 Nd7 15.
Nc3 a6 16. Qg4 Nc5 17. Nf3 Nf5 18. Kh1 h5 19. Qg2 O-O-O 20. Na4 bxa4 21. Bxf6
Bxf6 22. bxa4 Bxa1 23. Rxa1 Ne4 24. d3 Neg3+ 25. Kh2 h4 26. Qd2 Rd7 27. Re1 Rc7
28. e4 dxe4 29. dxe4 Rd8 30. Qf2 Nd6 31. Ng5 Nc4 32. Qa7 Rd2+ 33. Kg1 Nd6 34.
Qa8+ Kd7 35. Nf3 Ne2+ 36. Rxe2 Rxe2 37. Ne5+ Ke7 38. Ng6+ Kf7 39. Qd8 Ne8 40. f5
Rxe4 41. Nh8+ Kf8 42. Ng6+ Kf7 1/2-1/2

[Event "Cambridge Int Open 2023"]
[Site "Cambridge ENG"]
[Date "2023.02.18"]
[Round "7.3"]
[White "Grieve, Harry"]
[Black "Bosiocic, Marin"]
[Result "1-0"]
[WhiteTitle "IM"]
[BlackTitle "GM"]
[WhiteElo "2442"]
[BlackElo "2564"]
[WhiteFideId "426520"]
[BlackFideId "14507927"]
[EventDate "2023.02.15"]

1. e4 c5 2. Nf3 e6 3. Nc3 Nc6 4. d4 cxd4 5. Nxd4 Qc7 6. Be3 a6 7. Qf3 Ne5 8. Qg3
h5 9. h4 d6 10. O-O-O Nf6 11. Be2 Bd7 12. Bg5 Rc8 13. f4 Neg4 14. Bxf6 Nxf6 15.
e5 dxe5 16. fxe5 g6 17. Rd3 Bc5 18. Rf1 Nd5 19. Nxd5 exd5 20. c3 Bxd4 21. Rxd4
Be6 22. Rf6 Qc5 23. Qf4 Rc6 24. Kd2 Kd7 25. Bf3 Kc8 26. Qe3 Rb6 27. b4 Qb5 28.
Bxd5 Kb8 29. Bxe6 fxe6 30. Rf7 Qa4 31. Ke1 Rc8 32. Rdd7 Qc6 33. Rd6 Qe8 34. Rdd7
Rcc6 35. Qf2 1-0

[Event "Cambridge Int Open 2023"]
[Site "Cambridge ENG"]
[Date "2023.02.18"]
[Round "7.4"]
[White "Dardha, Daniel"]
[Black "Golubovic, Boris"]
[Result "0-1"]
[WhiteTitle "GM"]
[BlackTitle "IM"]
[WhiteElo "2612"]
[BlackElo "2349"]
[WhiteFideId "240990"]
[BlackFideId "14502160"]
[EventDate "2023.02.15"]

1. e4 c5 2. Nf3 d6 3. d4 cxd4 4. Nxd4 Nf6 5. Nc3 a6 6. a3 g6 7. f3 Bg7 8. Be3 h5
9. Qd2 Nbd7 10. O-O-O b5 11. Bd3 Bb7 12. Kb1 Rc8 13. f4 Ng4 14. e5 dxe5 15. Ne6
fxe6 16. Bxg6+ Kf8 17. Rhf1 e4 18. f5 e5 19. Nd5 Ndf6 20. Bb6 Qxd5 21. Qa5 Qc6
22. Bd8 Ne3 23. Qb4 Ned5 24. Bxe7+ Nxe7 25. Rd6 Qxc2+ 26. Ka1 Qc4 27. Rfd1 Bd5 0-1

[Event "Cambridge Int Open 2023"]
[Site "Cambridge ENG"]
[Date "2023.02.18"]
[Round "7.5"]
[White "Clarke, Brandon G I"]
[Black "Hunt, Harriet V"]
[Result "1-0"]
[WhiteTitle "IM"]
[BlackTitle "IM"]
[WhiteElo "2473"]
[BlackElo "2349"]
[WhiteFideId "400319"]
[BlackFideId "403512"]
[EventDate "2023.02.15"]

1. e4 c6 2. d4 d5 3. e5 Bf5 4. Nf3 e6 5. Be2 Ne7 6. O-O Ng6 7. a4 Nd7 8. Be3 f6
9. Ne1 h5 10. f4 h4 11. a5 Qc7 12. a6 b5 13. Nd2 Qb6 14. Bg4 Ne7 15. Bf2 O-O-O
16. Nb3 Bxg4 17. Qxg4 Nf5 18. Nd3 Be7 19. Be1 Rde8 20. Bf2 g5 21. exf6 Nxf6 22.
Qe2 Ne4 23. fxg5 Bxg5 24. Nbc5 Nxf2 25. Rxf2 Be3 26. c3 Qc7 27. Re1 Rhg8 28. Qf3
Bxf2+ 29. Nxf2 Ng7 30. Qh3 Qf7 31. Nfd3 Qf5 32. Qxh4 Rgf8 33. Qg3 Rf7 34. Nb7
Rd7 35. Rf1 Nh5 36. Nd6+ Rxd6 37. Qxd6 Qxd3 38. Qxc6+ Kd8 39. Qa8+ Ke7 40. Qxa7+
Kd8 41. Qb8+ Kd7 42. Rf7+ 1-0

[Event "Cambridge Int Open 2023"]
[Site "Cambridge ENG"]
[Date "2023.02.18"]
[Round "7.6"]
[White "Shafi, Declan"]
[Black "Hebden, Mark L"]
[Result "1-0"]
[BlackTitle "GM"]
[WhiteElo "2201"]
[BlackElo "2454"]
[WhiteFideId "2405156"]
[BlackFideId "400084"]
[EventDate "2023.02.15"]

1. d4 Nf6 2. Nf3 g6 3. g3 Bg7 4. Bg2 c5 5. O-O O-O 6. dxc5 Qc7 7. Be3 Na6 8. Nc3
Nxc5 9. Nb5 Qb6 10. c4 Ng4 11. b4 Nxe3 12. bxc5 Qxc5 13. fxe3 Qxc4 14. Nfd4 a6
15. Rc1 Qxa2 16. Nc7 Rb8 17. Qd3 Qa5 18. Nd5 Qd8 19. Qc4 e6 20. Qc7 Qxc7 21.
Ne7+ Kh8 22. Rxc7 d5 23. Rfc1 e5 24. Rxc8 exd4 25. Bxd5 Bh6 26. Rxb8 Bxe3+ 27.
Kg2 Rxb8 28. Rc8+ Rxc8 29. Nxc8 b5 30. Nd6 f5 31. Ne8 a5 32. Nd6 a4 33. Nxb5 Kg7
34. Ba2 Kf6 35. Bb1 h5 36. Bc2 g5 37. Bxa4 Ke5 38. Na3 Bc1 39. Nc2 h4 40. gxh4
g4 41. Bc6 f4 42. Ne1 Be3 43. Nd3+ Kf6 44. Bd7 f3+ 45. exf3 gxf3+ 46. Kxf3 Kg6
47. Kg4 Kh6 48. h3 Bg1 49. Bf5 Be3 50. h5 Kg7 51. Ne5 Kh6 52. Bd3 Bd2 53. Nf3
Be3 54. Nh4 Kg7 55. Nf5+ Kh8 56. h6 Bd2 57. Kh5 Bb4 58. Nxd4 1-0